| 000 | 00812cab a2200253 4500 | ||
|---|---|---|---|
| 001 | ABS39899 | ||
| 008 | 090401t1988 xxu||||| |||| 00| 0 eng d | ||
| 035 | _a(Sirsi) u19902 | ||
| 041 | _aeng | ||
| 100 | _aCheeswright, P. | ||
| 245 | _aProperty boom: commercial sector hots up | ||
| 260 | _c1988 | ||
| 350 | _a0 | ||
| 490 |
_aBusiness _vSeptember 1988, 123-130(6) |
||
| 520 | _aReport on trends in the commercial, industrial and retail sectors of the property market. Reviews the move towards owner-occupation and refurbishment and concludes with a look at the level of institutional investment . | ||
| 650 | _aFLOTATION | ||
| 650 | _aMERGERS | ||
| 650 | _aOFFICES | ||
| 650 | _aSURVEYORS | ||
| 650 | _aTAKEOVERS | ||
| 690 | _aPROPERTY-COMMERCIAL PROPERTY | ||
| 942 | _n0 | ||
| 948 | _c04/03/1997 | ||
| 999 |
_c13337 _d13337 |
||